Pozycja Personal Name
Liczba rekordów, w których użyto hasła: 1
001 - Numer kontrolny
- control field: 37843
003 - Identyfikator numeru kontrolnego
- control field: NUKAT
005 - Data i czas ostatniej modyfikacji
- control field: 20260311100511.0
008 - Dane kontrolne kodowane (40 znaków)
- fixed length control field: 950529n||a|znnaabn |a aaa |c
010 ## - Numer kontrolny Biblioteki Kongresu
- numer kontrolny LC: n 95002634
040 ## - Instytucja sporządzająca rekord
- inst. przygot. dane do rek. khw: WA U/EM
- język haseł przedmiotowych/tezaurus: kaba
- inst. wprow. rek. khw: WA U/EM
- inst. modyf. rek. khw: KR U/AG
- inst. modyf. rek. khw: WA U/JSs
- inst. modyf. rek. khw: WA U/JS
- inst. modyf. rek. khw: KAT U/41BM
- inst. modyf. rek. khw: WA U/MJK
- inst. modyf. rek. khw: WA U/JK
046 ## - Special dates
- Birth date: 1932
- Death date: 2010
100 1# - Hasło - nazwa osobowa
- nazwa osobowa w formie ujednoliconej: Białokozowicz, Bazyli
- daty biograficzne: (1932-2010).
400 1# - Trop zob. - nazwa osobowa
- nazwa osobowa (nazwisko, imiona): Bâlokozovič, Bazylij.
400 1# - Trop zob. - nazwa osobowa
- nazwa osobowa (nazwisko, imiona): Bialokozowicz, Bazyli.
400 1# - Trop zob. - nazwa osobowa
- nazwa osobowa (nazwisko, imiona): Belakazovìč, Vasìl'.
400 1# - Trop zob. - nazwa osobowa
- nazwa osobowa (nazwisko, imiona): Bâlokozovič, Bazyli.
400 1# - Trop zob. - nazwa osobowa
- nazwa osobowa (nazwisko, imiona): Bâlokozovič, B.
400 1# - Trop zob. - nazwa osobowa
- nazwa osobowa (nazwisko, imiona): Białokozowicz, B.
670 ## - Źródło informacji
- źródło informacji: KjK 3
670 ## - Źródło informacji
- źródło informacji: Kp. Belaruski prygonny seljanìn [...] / Vasìlʹ Belakazovìč. - Belastok, 1974.
670 ## - Źródło informacji
- źródło informacji: LOCIS online
670 ## - Źródło informacji
- źródło informacji: Gladis online
670 ## - Źródło informacji
- źródło informacji: Bibliografia publikacji Bazylego Białokozowicza / Irena Rudziewicz. - Olsztyn, 2001.
670 ## - Źródło informacji
- źródło informacji: Tolstoj polʹskogo serdca / Bazyli Bâlokozovič. - Tallin, 2002.
670 ## - Źródło informacji
- źródło informacji: Tretij Meždunarodnyj kongress prepodavatelej russkogo âzyka i literatury : osnovnye dokaldy i soobŝeniâ polâskoj delegacii. - Warszawa, 1976.
- gdzie znaleziono informację: Red.
670 ## - Źródło informacji
- źródło informacji: Gazeta Wyborcza Stołeczna, 23.02.2010
670 ## - Źródło informacji
- źródło informacji: B. Białokozowicz, Lwa Tołstoja związki z Polską / E. Dieckmann. - Warszawa, 1966.
- gdzie znaleziono informację: Recenzja